Statistiques concernant Où se trouve cette ville d'Europe ? #1

Cliquez ici pour prendre le quiz!

Statistiques générales

  • Ce quiz a été pris 1 406 fois
  • Le résultat moyen est 14 sur 20

Réponses sur la Carte

Les réponses sont colorées sur une échelle allant du rouge au vert en fonction du pourcentage des utilisateurs qui les ont devinées à leur premier essai. Vous pouvez retrouver ces pourcentages ci-dessous.
 

Statistiques - réponses

VilleCoordonnées% Correct
AthènesI11
97%
LimogesD09
91%
MunichF08
89%
MoscouL06
87%
VienneG08
85%
LiègeE07
84%
PortoB10
83%
GibraltarC12
83%
ReykjavikA02
73%
VaticanF10
72%
MinskJ06
69%
EdimbourgC06
65%
LausanneE09
64%
StockholmH05
62%
DonetskL08
56%
RigaI05
53%
CorkB07
50%
BariG10
49%
GdanskH06
38%
DubrovnikH10
38%

Distribution des résultats

Percentile par nombre de réponses

% des personnes avec chaque résultat

Votre développement - résultats

Vous n’avez pas pris ce quiz